| 000 | 01130nas a2200349 4500 | ||
|---|---|---|---|
| 001 | BR2013003663 | ||
| 003 | BR-BrBNA | ||
| 005 | 20231205122331.0 | ||
| 007 | ta | ||
| 008 | 230509b bl.|||p| |||| 00| 00por d | ||
| 040 |
_aBR-BrBNA _bpor _cBiblioteca Nacional de Agricultura |
||
| 041 | _a(Pt) | ||
| 072 | _aL01 | ||
| 100 | 1 | _aLopes, M.A. | |
| 100 | 1 | _aDemeu, A.A. | |
| 100 | 1 | _aRibeiro, A.D.B. | |
| 100 | 1 | _aRocha, C.M.B.M. | |
| 100 | 1 | _aBruhn, F.R.P. | |
| 100 | 1 | _aRetes, P.L. | |
| 100 | 1 | _a | |
| 245 | 1 | _aDificuldades encontradas pelos pecuaristas na implantação da rastreabilidade bovina | |
| 246 | 1 | _aDifficulties encountered by farmers in the implementation of traceability bovine | |
| 650 | _aBOVINO | ||
| 650 | _aCARNE | ||
| 650 | _aRASTREAMENTO | ||
| 650 | _aINSPEÇÃO SANITÁRIA | ||
| 650 | _aSEGURANÇA ALIMENTAR | ||
| 773 | 0 |
_tArquivo Brasileiro de Medicina Veterinária e Zootecnia (Brazil) _xISSN 0102-0935 _g(Dec 2012), v. 64(6) p. 1621-1628 _wBR2013003663 |
|
| 856 | 4 | 0 | _uhttp://www.scielo.br/pdf/abmvz/v64n6/31.pdf |
| 909 |
_a202311 _bLúcia _c55 _dLúcia Elande |
||
| 942 |
_2AGRIS _n0 _cANA |
||
| 999 |
_c228123 _d228123 |
||